00631nam a2200229 a 4500001001300000003000900013005001700022008004100039020001000080082001500090100002300105245002700128260002200155300000800177500003500185505001300220650002200233902000800255942000700263952011600270999001500386nice12345678IN_TiNIC20260116012615.0050524s1959 dela grp 000 0 urd  ac10000a269.2bHAI aHaiteen, M Barbara aMasihi Maaon Ki Gawahi aDelhibSpckc1959 a31p aincludes index and biblioraphy2 aAppendix aEvangelistic Work bSRS cBK 001040708StackRoom-aHMIbHMId2007-07-13g100.00l0o269.2 HAIp010976r2007-07-13v100.00w2005-05-24yBK c7645d7645